Renewable Energy Engineering /

Salvato in:
Dettagli Bibliografici
Autori principali: Jenkins, Nick (Autore), Ekanayake, Janaka (Autore)
Natura: Libro
Lingua:inglese
Pubblicazione: Cambridge : Cambridge University Press, 2019
Edizione:Reprinted-Dotlač
Tags: Aggiungi Tag
Nessun Tag, puoi essere il primo ad aggiungerne!!

MARC

LEADER 00000nam a22000003a 4500
001 0077758
003 SK-STU
005 20191121095906.4
007 ta
008 191121s ----xo-----e------000-0-----d
020 |a 978-1-107-68022-7 
040 |a STU  |b slo 
041 0 |a eng 
044 |a xxk 
100 1 |a Jenkins, Nick  |4 aut  |r Z6 
245 1 0 |a Renewable Energy Engineering /  |c aut. Nick Jenkins, Janaka Ekanayake 
250 |a Reprinted-Dotlač 
260 |a Cambridge :  |b Cambridge University Press,  |c 2019 
300 |a 440 s. 
700 1 |a Ekanayake, Janaka  |r Z6  |4 aut 
996 |b 284EK90077  |c E* 90077  |l EE32  |s P  |a 0  |w 0077758_0001